Physics of materials / (Record no. 540419)

000 -LEADER
fixed length control field 01265cam a22003497a 4500
001 - CONTROL NUMBER
control field 11907473
003 - CONTROL NUMBER IDENTIFIER
control field NUST
005 - DATE AND TIME OF LATEST TRANSACTION
control field 20201023102446.0
008 - FIXED-LENGTH DATA ELEMENTS--GENERAL INFORMATION
fixed length control field 980915s1998 ne a b 001 0 eng d
010 ## - LIBRARY OF CONGRESS CONTROL NUMBER
LC control number 00299973
020 ## - INTERNATIONAL STANDARD BOOK NUMBER
International Standard Book Number 9056991191
035 ## - SYSTEM CONTROL NUMBER
System control number (OCoLC)ocm39871751
038 ## - RECORD CONTENT LICENSOR
Staff Name SNS Library Staff
040 ## - CATALOGING SOURCE
Original cataloging agency NAG
Transcribing agency NAG
Modifying agency DLC
041 1# - LANGUAGE CODE
Language code of text/sound track or separate title eng
Language code of original fre
042 ## - AUTHENTICATION CODE
Authentication code lccopycat
050 00 - LIBRARY OF CONGRESS CALL NUMBER
Classification number QC176
Item number .Q4713 1998
082 ## - DEWEY DECIMAL CLASSIFICATION NUMBER
Classification number 530.41
Author Mark QUE
100 1# - MAIN ENTRY--PERSONAL NAME
Personal name Quéré, Yves.
9 (RLIN) 34428
240 10 - UNIFORM TITLE
Uniform title Physics of Materials
Language of a work English
245 10 - TITLE STATEMENT
Title Physics of materials /
Statement of responsibility, etc. Yves Quéré ; translated by Stephen S. Wilson.
260 ## - PUBLICATION, DISTRIBUTION, ETC.
Place of publication, distribution, etc. Amsterdam :
Name of publisher, distributor, etc. Gordon and Breach Science Publishers,
Date of publication, distribution, etc. c1998.
300 ## - PHYSICAL DESCRIPTION
Extent xi, 483 p. :
Other physical details ill. ;
Dimensions 25 cm.
500 ## - GENERAL NOTE
General note Adapted from: Physique des matériaux.
504 ## - BIBLIOGRAPHY, ETC. NOTE
Bibliography, etc. note Includes bibliographical references and index.
650 #0 - SUBJECT ADDED ENTRY--TOPICAL TERM
Topical term or geographic name entry element Solid state physics.
9 (RLIN) 34429
650 #0 - SUBJECT ADDED ENTRY--TOPICAL TERM
Topical term or geographic name entry element Materials.
9 (RLIN) 1466
856 42 - ELECTRONIC LOCATION AND ACCESS
Materials specified Publisher description
Uniform Resource Identifier <a href="http://www.loc.gov/catdir/enhancements/fy0731/00299973-d.html">http://www.loc.gov/catdir/enhancements/fy0731/00299973-d.html</a>
906 ## - LOCAL DATA ELEMENT F, LDF (RLIN)
a 7
b cbc
c copycat
d 3
e ncip
f 20
g y-gencatlg
942 ## - ADDED ENTRY ELEMENTS (KOHA)
Source of classification or shelving scheme
Koha item type Book
Call number prefix 530.41 QUE
Holdings
Withdrawn status Lost status Source of classification or shelving scheme Damaged status Not for loan Permanent Location Current Location Shelving location Date acquired Shelving control number Total Checkouts Full call number Barcode Date last seen Price effective from Koha item type
          School of Natural Sciences (SNS) School of Natural Sciences (SNS) General Stacks 03/26/2020 Book Cart   530.41 QUE SNS0003176 10/23/2020 10/23/2020 Book
© 2023 Central Library, National University of Sciences and Technology. All Rights Reserved.